| 000 | 00601nam a2200181Ia 4500 | ||
|---|---|---|---|
| 008 | 090124s9999 xx 000 0 und d | ||
| 082 |
_b2701 _a",मी" |
||
| 100 | _aकेळकर श्री. कृ. | ||
| 245 | _a एव्हरेस्टच्या कुशीत | ||
| 250 | _a0 | ||
| 260 | _c1965 | ||
| 300 | _a118 | ||
| 600 | _aकेळकर श्री. कृ. | ||
| 630 | _a एव्हरेस्टच्या कुशीत | ||
| 700 | _aकेळकर श्री. कृ. | ||
| 730 | _a एव्हरेस्टच्या कुशीत | ||
| 942 | _cBOOK | ||
| 999 |
_c84013 _d84013 |
||